The amulet of Tarv : a romance of the South Downs 1,000 years B. C. /

Bibliographic Details
Main Author: Kensett, Percy F.
Format: Book
Language:English
Published: London : Burrow, 1925.

MARC

Tag First Indicator Second Indicator Subfields
LEADER 00000cam a2200000 i 4500
001 in00000050245
005 20151007065831.0
008 800528s1925 enk 00011 eng d
035 |a (OCoLC)06367291 
035 |9 AAE2781AM 
040 |a TXA  |c TXA  |d UtOrBLW 
049 |a TXAS  |c [1102815] 
090 |a PZ3.K4116  |b Am 
100 1 |a Kensett, Percy F. 
245 1 4 |a The amulet of Tarv :  |b a romance of the South Downs 1,000 years B. C. /  |c by Percy F. Kensett. 
264 1 |a London :  |b Burrow,  |c 1925. 
300 |a vii, 268 pages :  |b illustrations ;  |c 20 cm. 
336 |a text  |b txt  |2 rdacontent 
337 |a unmediated  |b n  |2 rdamedia 
338 |a volume  |b nc  |2 rdacarrier 
999 |a MARS 
999 f f |s 229fd161-e8e4-3938-a83e-96d8610afa1b  |i e89232fb-89ed-3af5-b12e-fee635770c0d  |t 0 
952 f f |p noncirc  |a Texas A&M University  |b College Station  |c Cushing Memorial Library & Archives  |d Cushing: Science Fiction (Does not check out)  |t 0  |e PZ3.K4116 Am  |h Library of Congress classification  |i unmediated -- volume  |m A14800417636 
998 f f |a PZ3.K4116 Am  |t 0  |l Cushing: Science Fiction (Does not check out)